[Event "BAN-chT Golden Jubilee 2021-22"]
[Site "Dhaka"]
[Date "2022.03.15"]
[Round "6.18"]
[White "Erigaisi Arjun"]
[Black "Alam, Monjur"]
[Result "1-0"]
[WhiteElo "2633"]
[BlackElo "1848"]
[Annotator "TA"]
[PlyCount "43"]
[EventDate "2022.03.10"]
[EventType "team-tourn"]
[EventCountry "BAN"]
[SourceTitle "playchess.com"]
[Source "ChessBase"]
[SourceQuality "1"]

{[%evp 15,43,-11,18,30,31,-8,10,13,21,6,35,25,91,99,165,175,177,143,216,216,239,156,585,582,667,672,660,636,761,741]} 1. e4 e6 2. d3 d5 3. Nd2 c5 4. g3 Nc6 5. Bg2 Nf6 6. Ngf3 Be7 7. O-O O-O 8. Re1 Bd7 9. e5 {C00: French: Unusual White 2nd moves.} Ne8 10. Nf1 Qb6 11. c3 {[#] The position is equal.} Rc8 $146 ({Predecessor:} 11... f6 12. exf6 Nxf6 13. Ne3 Rae8 14. Bh3 Bd6 15. Qe2 Qd8 16. a4 e5 17. Bg2 Ne7 {1-0 (35) Souza,A-Mercado,O Cubatao 1989}) 12. Qe2 a5 13. a4 d4 (13... Qd8 $11) 14. N1d2 $16 Nc7 (14... Qd8 $16) 15. Nc4 $18 Qa6 16. Ng5 {[%cal Og5h7] [#] Black must now prevent Nxh7!} f6 (16... Nd5 $16 {might work better.}) 17. exf6 Bxf6 18. Be4 g6 $2 {[#] Black cannot hold the game after this.} (18... h6 $16 {is a better chance.}) 19. Nxh7 $1 {[%mdl 512] White is clearly winning.} Ne7 (19... Bg7 20. Nxf8) 20. Nxf6+ Rxf6 21. Bg5 {A strong pair of Bishops.} Rf7 22. Ne5 {[%csl LRd7,LRf7,LRg6] Weighted Error Value: White=0.10 (very precise) /Black=0.74} 1-0

[Event "BAN-chT Golden Jubilee 2021-22"]
[Site "Dhaka"]
[Date "2022.03.15"]
[Round "6.19"]
[White "Bharath Subramaniyam H"]
[Black "Gukesh D"]
[Result "1/2-1/2"]
[WhiteElo "2508"]
[BlackElo "2614"]
[Annotator "TA"]
[PlyCount "79"]
[EventDate "2022.03.10"]
[EventType "team-tourn"]
[EventCountry "BAN"]
[SourceTitle "playchess.com"]
[Source "ChessBase"]
[SourceQuality "1"]

{[%evp 12,79,15,26,25,4,6,-9,-5,-1,20,-59,-18,-17,-20,-56,-61,-47,34,35,64,0,0,0,0,3,77,42,64,24,16,11,95,79,103,77,81,77,56,41,55,52,111,102,98,88,237,117,216,91,98,99,80,92,97,89,88,88,118,0,118,70,70,0,61,0,0,0,55,0]} 1. e4 e6 2. d4 d5 3. Nc3 Nf6 4. Bg5 dxe4 5. Nxe4 Be7 6. Bxf6 gxf6 7. Qd2 a6 {C13: French: Classical System: 4 Bg5 Be7, Alekhine-Chatard Attack.} 8. Be2 {[#]} f5 $146 ({Predecessor:} 8... Nd7 9. Bf3 f5 10. Ng3 Bg5 11. Qc3 Nf6 12. Nh3 Bh6 13. O-O O-O 14. Rad1 c6 15. Qa3 {½-½ (54) Lanc,A (2376)-Obsivac,J (2344) Czech Republic 2003}) 9. Nc3 b5 {The position is equal.} 10. Bf3 Ra7 11. Nge2 (11. d5 $11 c5 12. Rd1 (12. dxc6 Qxd2+ 13. Kxd2 b4 $17)) 11... c5 (11... Bg5 $15 12. Qd3 c5) 12. Qe3 $11 {Hoping for Qe5.} Nd7 {Inhibits Qe5.} 13. Bc6 Qc7 14. d5 O-O (14... b4 $15 15. Na4 O-O) 15. Bxd7 $14 Bxd7 16. dxe6 (16. O-O-O $1 $14) 16... fxe6 $11 {[%cal Bf7e6,Be6d5,Bd5d4][%mdl 32]} (16... Bxe6 17. Nf4 $14) 17. Nd5 {Inhibits f4.} exd5 18. Qxe7 f4 (18... Re8 $1 $11 19. Qg5+ Kh8) 19. O-O-O d4 (19... Bg4 20. Qg5+ Qg7 21. Qxd5+ Kh8 22. f3 $16) 20. Qg5+ Kh8 21. g3 {White wants to play Qh6.} f3 (21... Qd6 $1 $11 {remains equal.}) 22. Nf4 $40 {[%mdl 128] Threatens to win with Qe7. White goes for the king.} Bf5 23. Rhe1 Qd6 {Inhibits Ne6.} 24. Qh5 {Black must now prevent Re8.} Rg7 25. h3 (25. Qxf3 Bg4 26. Qe4 Bxd1 27. Kxd1 c4 $15) 25... c4 {And now ...c3 would win.} 26. Qxf3 c3 (26... d3 $1 $14) 27. Qd5 $1 $16 cxb2+ 28. Kb1 Qb4 (28... Qxd5 $16 29. Nxd5 Bxh3) 29. Qb3 (29. Re2 $1 $18 {is the precise move to win.}) 29... Qa5 (29... Qc3 $16) 30. Re5 ({But not} 30. Qxb2 Qc3 31. Re5 Rc7 32. Qxc3 Rxc3) ({Weaker is} 30. Kxb2 Rc7 31. Re2 Rc4 $11) (30. g4 $18 {is more deadly.} Bg6 31. Nxg6+ hxg6 32. Re4 (32. Qxb2 Qc3 $16) (32. Kxb2 Rc7 $16)) 30... Rc7 {[#]} 31. Rxf5 Rxf5 32. Qe6 {To avoid Re5} Rcf7 33. Rxd4 Qc7 34. Qxa6 {aiming for Ne6.} Qc3 35. Ne6 ({Better is} 35. Qa8+ $16 Rf8 36. Qe4) 35... h6 {[#]} (35... Rxf2 $11 36. Rd8+ Rf8 37. Rxf8+ Rxf8 38. Nxf8 Qe1+ 39. Kxb2 Qb4+ 40. Kc1 Qe1+ 41. Kb2 Qb4+ 42. Kc1 Qe1+ 43. Kb2) 36. Qa8+ {Chess con chili.} (36. Qd6 $1 $16) 36... Kh7 $14 (36... Rf8 $2 37. Nxf8 Qxd4 38. Ne6+ Kh7 39. Nxd4 $18) 37. Rg4 ({White should try} 37. Qe4 $1 $14 Qf3 38. Nf4 Qxe4 39. Rxe4) 37... Qh8 (37... Qe1+ $1 $11 38. Kxb2 Qe5+ 39. Nd4 (39. Kb1 Qe1+ 40. Kb2 Qe5+ 41. Nd4 Rg5 $11) 39... Rg5) 38. Qe4 {White is much more active.} (38. Qxh8+ $14 Kxh8 39. Nf4) 38... Qe5 $11 39. Qa8 Qh8 $14 40. Qe4 {Blacks defense is rewarded with a draw.  Weighted Error Value: White=0.24 (precise) /Black=0.27 (precise)} (40. Qxh8+ $14 Kxh8 41. Nf4) 1/2-1/2

[Event "BAN-chT Golden Jubilee 2021-22"]
[Site "Dhaka"]
[Date "2022.03.15"]
[Round "6.20"]
[White "Rahman, Ziaur"]
[Black "Nitish Belurkar"]
[Result "1/2-1/2"]
[WhiteElo "2417"]
[BlackElo "2447"]
[Annotator "TA"]
[PlyCount "100"]
[EventDate "2022.03.10"]
[EventType "team-tourn"]
[EventCountry "BAN"]
[SourceTitle "playchess.com"]
[Source "ChessBase"]
[SourceQuality "1"]

{[%evp 15,100,27,29,3,7,2,0,6,9,0,1,0,10,0,0,4,8,3,12,0,5,0,-7,-12,0,-30,-28,-10,-13,-12,-14,-12,-12,-6,-5,-5,-8,-8,-6,-10,-7,-16,-16,-50,0,0,0,0,48,58,40,0,0,0,0,0,0,0,0,0,0,0,0,0,0,0,0,0,0,0,0,0,0,0,0,0,0,0,0,0,0,0,0,0,0,0,0]} 1. Nf3 Nf6 2. g3 g6 3. b3 Bg7 4. Bb2 O-O 5. Bg2 d6 6. d4 c6 7. O-O Re8 8. Nbd2 Nbd7 9. e4 {A49: 1 d4 Nf6 2 Nf3 g6 3 g3: Anti-King's Indian systems.} e5 10. dxe5 dxe5 11. Re1 b5 {Prevents Nc4.} 12. a4 Bb7 13. Qe2 a6 14. Red1 Qc7 15. Ne1 Nc5 16. Nd3 Nfd7 {[%cal Bf6d7,Bd7c5,Bc5e6,Be6d4,Bd4b3][%mdl 32] [#]} 17. Nxc5 $146 ({Predecessor:} 17. axb5 axb5 18. Nf1 Ne6 19. c3 Bh6 20. Ne3 Bxe3 21. Qxe3 Nec5 22. Nxc5 Nxc5 23. c4 bxc4 {1-0 (47) Horvath,D (2368)-Liu,A (2126) Montevideo 2017}) 17... Nxc5 18. Nf3 Ne6 19. h4 Red8 20. Qe3 Rxd1+ 21. Rxd1 bxa4 22. bxa4 c5 23. Ng5 Nd4 24. c3 Nb3 25. Bh3 Rd8 {Inhibits Rd7.} 26. Rxd8+ Qxd8 27. Qe2 {To avoid Qd1+} Qe7 28. Ba3 h6 29. Nf3 {[%cal Oh4h5]} Qd8 (29... Qe8 $1 $15 30. Qc4 Na5 31. Qxc5 Qxa4) 30. h5 $11 {[#] aiming for hxg6.} g5 31. Bf5 Bc8 (31... c4 $11 {is superior.}) 32. Bxc8 $14 Qxc8 33. Qc4 Qg4 {The position is equal.} 34. Qxb3 ({Not} 34. Kg2 $2 {[#]} Qxf3+ $3 {[%mdl 512]} 35. Kxf3 Nd2+ 36. Ke2 Nxc4 $19) 34... Qxf3 35. Qc4 Bf8 36. Bxc5 Bxc5 37. Qxc5 Qxe4 $11 {[%mdl 4096] Endgame KQ-KQ} 38. Qc8+ Kg7 39. Qxa6 Qe1+ 40. Kg2 Qxc3 41. Qb7 Qd3 42. a5 {And now Qf3 would win.} e4 {Inhibits Qf3.} 43. Qb2+ Kg8 44. Qf6 e3 45. fxe3 (45. Qxh6 Qd5+ 46. Kf1 Qb5+ 47. Ke1 Qxa5+ 48. Kf1 Qf5 $19) 45... Qd2+ 46. Kh3 Qxa5 47. e4 Qe1 {...Qh1+ is the strong threat.} 48. Qd8+ ({Of course not} 48. Qxh6 Qh1+ 49. Kg4 Qxe4+ 50. Kh3 Qf5+ 51. Kg2 g4 $17) 48... Kh7 {Hoping for ...Qh1+.} 49. Qd3 Qf2 50. e5+ Kg7 {Weighted Error Value: White=0.03 (flawless) /Black=0.03 (flawless)} 1/2-1/2

[Event "BAN-chT Golden Jubilee 2021-22"]
[Site "Dhaka"]
[Date "2022.03.15"]
[Round "6.21"]
[White "Mohammad Nubairshah Shaikh"]
[Black "S M Sharon"]
[Result "1/2-1/2"]
[WhiteElo "2436"]
[BlackElo "2087"]
[Annotator "TA"]
[PlyCount "133"]
[EventDate "2022.03.10"]
[EventType "team-tourn"]
[EventCountry "BAN"]
[SourceTitle "playchess.com"]
[Source "ChessBase"]
[SourceQuality "1"]

{[%evp 15,133,41,54,58,58,56,87,72,86,68,100,64,103,74,75,65,69,59,59,62,73,49,48,9,0,0,0,0,0,-14,0,0,8,8,5,5,86,64,145,28,56,37,160,204,273,264,267,275,275,275,275,275,282,280,434,185,170,94,100,79,94,12,12,12,12,13,37,0,0,0,0,0,0,0,0,0,0,0,0,0,0,0,0,11,39,0,0,0,0,0,0,0,0,0,0,0,0,0,0,0,0,0,0,0,0,0,0,0,0,0,0,0,0,0,0,0,0,0,0,0]} 1. Nf3 Nf6 2. g3 d6 3. d4 Nbd7 4. c4 c6 5. Nc3 e5 6. Bg2 Be7 7. O-O Qc7 8. e4 Nf8 9. Re1 {A55: Old Indian Defence with Nf3 and e4.} Ng6 {[#]} 10. d5 $146 ({Predecessor:} 10. Qc2 Bg4 11. Be3 Qc8 12. Rac1 h5 13. Ng5 Bd7 14. f3 h4 15. Ne2 hxg3 16. hxg3 Nh5 {1-0 (31) Kostic,M (2144)-Vranic,L (2137) Senta 2020}) 10... h5 11. h4 {White is better.} Bg4 12. Be3 c5 13. b4 b6 14. bxc5 bxc5 15. Qa4+ Bd7 16. Qc2 {White is more active.} O-O 17. Rab1 Rfb8 18. Nb5 Qc8 {[%cal Of6e4]} 19. Rb3 Nxe4 $1 {[%cal Oa7a6]} 20. Nxe5 Nxe5 21. Bxe4 {Bf4 is the strong threat.} (21. Qxe4 $2 a6 22. Nxd6 Bxd6 $19) 21... a6 22. Na3 {[%cal Bb5a3,Ba3b1,Bb1d2][%mdl 32]} Rxb3 23. axb3 Rb8 24. Nb1 Bf6 25. Nd2 Qb7 (25... g6 $11 {remains equal.}) 26. Bf4 $16 Qb4 (26... a5 $14) 27. Bf5 (27. Bh7+ $1 $16 Kh8 28. Bf5) 27... Bxf5 $1 $11 28. Qxf5 {Black must now prevent Re2.} Qc3 {[#]} (28... Ng6 $14) 29. Kg2 $1 $16 ({Reject} 29. Qxh5 $6 Nd3 30. Re2 Nxf4 31. gxf4 Qh3 $11) 29... Nd3 {[#]} 30. Re3 Nxf4+ 31. Qxf4 Qxd2 {[#]} 32. Re8+ {[%mdl 576] Discovered Attack} Rxe8 33. Qxd2 $18 {[%mdl 4096] Endgame KQ-KRB} Rb8 34. Qa5 Rxb3 (34... Ra8 $142 35. Qb6 Rd8 36. Qxa6 Bc3) 35. Qxa6 (35. Qc7 $142) 35... Be7 36. Qa8+ ({White should play} 36. Qa2 $18 Rb8 37. Qa7) 36... Bf8 $16 37. f3 Rd3 38. g4 (38. Qa4 $16) 38... hxg4 $11 39. fxg4 {White wants to play Qa2.} Rd4 {[%csl LRc4,LRg4]} 40. Kf3 g6 41. Qa6 Rd3+ 42. Kg2 Rd2+ 43. Kg3 Rd3+ 44. Kf2 Rd2+ 45. Ke3 Rh2 46. h5 gxh5 47. Qc8 {Threatens to win with gxh5.} hxg4 48. Qxg4+ Bg7 49. Qc8+ Bf8 50. Qg4+ {[%mdl 1024] White has compensation.} Bg7 {The position is equal.} 51. Qg3 Rh6 52. Qg4 Rg6 53. Qc8+ Kh7 $1 54. Qh3+ Rh6 55. Qf5+ Kg8 56. Qc8+ Kh7 57. Qf5+ Kg8 58. Kd3 Be5 59. Kc2 Rh2+ 60. Kb3 Rb2+ 61. Ka4 Rb4+ 62. Ka5 Rxc4 63. Qg5+ Kf8 64. Qd8+ Kg7 {And now ...Rg4 would win.} 65. Qg5+ Kf8 66. Qd8+ Kg7 67. Qg5+ {Blacks defense is rewarded with a draw.  Weighted Error Value: White=0.19 (very precise) /Black=0.15 (very precise)} 1/2-1/2

[Event "BAN-chT Golden Jubilee 2021-22"]
[Site "Dhaka"]
[Date "2022.03.15"]
[Round "6.22"]
[White "Aditya Mittal"]
[Black "Ghosh, Chanchal Kumer"]
[Result "1-0"]
[WhiteElo "2487"]
[BlackElo "2074"]
[Annotator "TA"]
[PlyCount "65"]
[EventDate "2022.03.10"]
[EventType "team-tourn"]
[EventCountry "BAN"]
[SourceTitle "playchess.com"]
[Source "ChessBase"]
[SourceQuality "1"]

{[%evp 14,65,66,34,37,28,59,59,101,100,102,105,164,162,215,215,215,189,315,266,241,203,238,261,380,384,381,369,316,319,326,158,795,789,756,763,749,767,893,922,955,966,937,930,1200,1154,1254,1241,29988,29984,29989,29990,29992,29993]} 1. d4 Nf6 2. c4 g6 3. Nc3 Bg7 4. e4 d6 5. Be2 O-O 6. Be3 e5 7. d5 Nbd7 8. h4 {[%cal Bh2h4,Bh4h5][%mdl 32] White is more active.} Nc5 {E73: King's Indian: Averbakh Variation without 6...c5.} 9. Qc2 a5 10. h5 {[#]} Bg4 $146 (10... a4 $14 {is more appropriate.}) ({Predecessor:} 10... c6 11. h6 Bh8 12. Rd1 cxd5 13. cxd5 Ne8 14. Nf3 b6 15. Bb5 f5 16. Bc6 Ra7 {1-0 (32) Bluebaum,M (2672)-Kashlinskaya,A (2494) Chess.com INT 2020}) 11. f3 $16 {[%cal Bf2f3,Bf3f4][%mdl 32]} Bd7 (11... Bxh5 $2 12. g4 $18) 12. g4 {[%cal Bg2g4,Bg4g5][%mdl 32]} Ne8 (12... c6 $16) 13. Nh3 f6 (13... gxh5 {might work better.} 14. gxh5 f5) 14. hxg6 $18 hxg6 15. f4 f5 (15... Kf7 $142 16. O-O-O a4) 16. exf5 gxf5 (16... Qh4+ $2 17. Kd2 Qe7 18. fxe5 (18. fxg6 exf4 19. Nxf4 Nf6 $14) 18... Bxe5 19. Nf4 (19. fxg6 Bxc3+ 20. bxc3 Ba4 $15) 19... Bxf4 20. Bxf4 $18) 17. g5 (17. Ng5 exf4 18. Bxf4 a4 $11) 17... Qe7 18. O-O-O b6 (18... a4 $142 19. Nf2 exf4 20. Bxf4 Be5) 19. Bh5 a4 20. Rde1 a3 21. b3 (21. b4 Na4 $16) 21... Ne4 22. Bg6 (22. Nxe4 $18 {and the rest is easy.} fxe4 23. Bg6 (23. Qxe4 Bf5 $16)) 22... exf4 $2 {[#]} (22... Nxc3 $16 23. Nf2 (23. Qxc3 e4 $16) 23... Nxa2+ 24. Qxa2 Rf7) 23. Nxf4 $1 {White wants to mate with Bh7+.} Bxc3 24. Bh7+ Qxh7 25. Rxh7 Bb2+ 26. Kd1 {[%cal Bc1d1,Bd1d2,Bd2d3][%mdl 32] Hoping for Qh2.} Nc3+ 27. Kd2 Kxh7 28. Kd3 Ne4 29. Qh2+ ({Worse is} 29. Qg2 Rh8 $11) 29... Kg8 30. g6 {[%csl Gg6][%cal Rh2h7] [#]} Rf6 31. Qh7+ {White mates.} Kf8 32. Qxd7 Ng7 33. Ne6+ {Black did not feel at home in the position after the opening.  Weighted Error Value: White=0.19 (very precise) /Black=0.72} 1-0

[Event "BAN-chT Golden Jubilee 2021-22"]
[Site "Dhaka"]
[Date "2022.03.15"]
[Round "6.23"]
[White "Himanshu, Sharma"]
[Black "Pranav Vijay"]
[Result "0-1"]
[WhiteElo "2391"]
[BlackElo "2265"]
[Annotator "TA"]
[PlyCount "104"]
[EventDate "2022.03.10"]
[EventType "team-tourn"]
[EventCountry "BAN"]
[SourceTitle "playchess.com"]
[Source "ChessBase"]
[SourceQuality "1"]

{[%evp 14,104,3,0,0,-5,0,0,0,-13,0,-12,-23,-44,-41,-37,48,33,45,27,52,42,65,35,32,35,49,0,0,0,0,0,0,0,0,0,0,-38,0,-10,0,0,0,-71,0,0,100,-64,-63,-132,-121,-106,-129,-162,-101,-130,-72,-133,-129,-407,-393,-493,-107,-189,-162,-183,-183,-142,-156,-187,-143,-200,-146,-266,-239,-238,-232,-287,-288,-294,-301,-297,-285,-366,-340,-338,-330,-366,-362,-796,-809,-857,-855]} 1. Nf3 Nf6 2. c4 e6 3. g3 a6 4. Bg2 b5 5. b3 Bb7 6. O-O c5 7. Bb2 Be7 8. d3 O-O {A13: English Opening: 1...e6.} 9. e4 d6 10. Qe2 Nc6 {The position is equal.} 11. Rd1 Qb6 12. Nbd2 Nd7 {[#]} 13. h4 $146 ({Predecessor:} 13. Nf1 Bf6 14. Bxf6 Nxf6 15. Ne3 Nd7 16. Nc2 Nde5 17. a4 Nxf3+ 18. Bxf3 bxa4 19. bxa4 {0-1 (47) Arjun,B (2194)-Malakhatko,V (2524) Seville 2012}) 13... Bf6 14. Bxf6 gxf6 (14... Nxf6 $15 15. a3 h6) 15. Nh2 Kh8 16. Qh5 Qd8 17. Ndf3 Qe7 18. Rd2 Rg8 19. Qh6 Nde5 20. Qe3 (20. d4 $14) 20... Nxf3+ $11 21. Nxf3 e5 22. Bh3 Bc8 23. Bxc8 Raxc8 24. Rb2 Qe6 25. Kh2 Rg4 26. a3 Rcg8 27. Qh6 {[%cal Of3g5]} R4g6 {To avoid Ng5} 28. Qe3 (28. Qh5 $11) 28... Rg4 (28... b4 $17) 29. Qh6 {[%cal Of3g5]} Ne7 {[#]} (29... R4g6 $11 {remains equal.} 30. Qh5 Kg7) 30. Kg2 $2 (30. Ng5 $1 $16 fxg5 31. Qxe6 fxe6 32. f3) 30... R4g6 $1 $36 {[%mdl 2048] White is under pressure.} 31. Qd2 {[#]} (31. Qh5 $15) 31... f5 $1 $17 {[%cal Bf6f5,Bf5f4][%mdl 32]} 32. Ng5 Qf6 33. Rh1 {[#]} Nc6 (33... f4 $1 $19 34. cxb5 axb5 35. gxf4 exf4) 34. b4 Nd4 (34... f4 $142 {aiming for ...Nd4.} 35. bxc5 Qg7 36. cxb5 axb5 37. Rxb5 f6) 35. bxc5 (35. cxb5 $142 axb5 36. exf5 Qxf5 37. Qe3) 35... dxc5 36. Qe1 $2 {[%mdl 8192]} (36. Qc1 $17) 36... f4 $19 37. Qd1 Kg7 $2 (37... Qg7 $19 {is more deadly.} 38. g4 f6) 38. Rh3 (38. Qh5 $2 Rh6 39. Qg4 Kh8 40. cxb5 f3+ 41. Kg1 axb5 $19) (38. Nf3 $17) 38... h6 39. Nf3 bxc4 (39... fxg3 40. h5 Ne6 41. hxg6 $11) 40. dxc4 Qe6 {Black is more active.} 41. h5 Rf6 42. Nxd4 cxd4 43. Qd3 (43. gxf4 $17 Rxf4 44. Rg3+ Kh7 45. Rxg8 Kxg8 46. Qe2 (46. Rb8+ Kh7 $17)) 43... Kh7 44. f3 fxg3 45. c5 Qe7 46. Rc2 Rc6 ({Stronger than} 46... Rf4 47. c6 $17) 47. Qb3 Qf6 ({Not} 47... Rxc5 48. Rxc5 Qxc5 49. Qxf7+ Kh8 50. Qf6+ Kh7 51. Qf7+ Rg7 52. Qf5+ Kg8 53. Qe6+ Kh7 54. Qf5+ (54. Rxg3 Qe7 $11) 54... Kh8 55. Rxg3 Rxg3+ 56. Kxg3 $11) 48. Rxg3 Rxg3+ 49. Kxg3 Qg5+ 50. Kf2 Qxh5 51. Ke2 $2 (51. Kg1) 51... Rf6 {[%cal Of6f3] And now ...Rxf3! would win.} 52. c6 {[#]} Rxf3 $3 {[%mdl 512] Weighted Error Value: White=0.43/Black=0.31} 0-1

[Event "BAN-chT Golden Jubilee 2021-22"]
[Site "Dhaka"]
[Date "2022.03.15"]
[Round "6.24"]
[White "Chatterjee, Debaraj"]
[Black "Saiful Islam, Chowdhury"]
[Result "1-0"]
[WhiteElo "2196"]
[BlackElo "2075"]
[Annotator "TA"]
[PlyCount "83"]
[EventDate "2022.03.10"]
[EventType "team-tourn"]
[EventCountry "BAN"]
[SourceTitle "playchess.com"]
[Source "ChessBase"]
[SourceQuality "1"]

{[%evp 12,83,7,18,34,20,23,38,35,46,82,54,59,62,58,56,67,59,86,79,79,34,33,35,45,32,26,26,34,-107,-97,-104,-95,-139,-150,-135,-142,-138,-155,-166,-165,-277,-273,-241,-220,-207,-214,-203,-199,-224,-218,-222,-218,-210,-34,-35,10,23,191,202,210,204,29991,29992,29992,29993,29993,890,29994,0,847,0,29994,29995]} 1. d4 Nf6 2. c4 e6 3. g3 Bb4+ 4. Bd2 a5 5. Bg2 d5 6. Nf3 O-O 7. O-O {7.Qc2 is the hot move.} Nc6 {E11: Bogo-Indian.} 8. a3 Be7 9. Qc2 dxc4 {White is slightly better.} 10. Qxc4 Ne4 11. Bf4 {[#]} g5 $146 ({Predecessor:} 11... Nd6 12. Qd3 Nf5 13. Rd1 Bf6 14. e4 Nh6 15. Qd2 e5 16. dxe5 Qxd2 17. Rxd2 Be7 {1-0 (54) Pankratov,V-Strukov,V Russia 1997}) 12. Be3 (12. Nbd2 f5 13. Nxe4 fxe4 14. Nxg5 Bxg5 $15) 12... Nd6 13. Qc1 Nf5 14. Rd1 g4 15. Ne5 Nxe3 16. Qxe3 (16. Nxc6 $16 bxc6 17. Qxe3) 16... Nxe5 $14 17. Qxe5 Bd6 18. Qh5 f5 19. Nc3 Bd7 20. e4 {[#]} (20. Bxb7 Rb8 21. Bg2 Qf6 $17) (20. Qh6 $14 {stays ahead.}) 20... Kg7 $1 $17 21. exf5 exf5 {And now ...Be8 would win.} 22. Re1 (22. Bxb7 $2 Rb8 23. Ne4 Rxb7 $19) (22. Nd5 $142) 22... Be7 {aiming for ...Be8.} ({Not} 22... Be8 23. Qh4 $17) 23. Nd5 {[#]} ({Of course not} 23. Bxb7 Be8 24. Rxe7+ Qxe7) 23... Be8 $1 24. Rxe7+ {[#]} Qxe7 $1 {[%mdl 512]} 25. Nxe7 (25. Qxh7+ Kxh7) 25... Bxh5 26. Bxb7 (26. Nd5 {was worth a try.} Bf7 27. Ne3) 26... Rab8 $19 27. Ba6 Rf7 28. Nd5 Rxb2 29. Rc1 Rd7 30. Ne3 Bg6 {[%cal Of5f4]} 31. Bc8 Rxd4 {White must now prevent ...Rdd2.} 32. Bxf5 Rdd2 $2 (32... Rb7 $19 {...Ra4 is the strong threat.} 33. Kg2 Ra4 34. Bxg6 hxg6) 33. Rxc7+ $15 Kh6 (33... Kf8 $15 34. Bxg6 hxg6 35. Nxg4 Rb3) 34. Nxg4+ $11 Kg5 $2 (34... Kh5 $1 $11 {and Black is okay.} 35. Be6 Rdc2) 35. Be6 $18 Rb1+ 36. Kg2 Rb5 $2 (36... Be4+ $18 37. Kh3 Rb7 38. Rc5+ Kg6) 37. h4+ Kh5 38. Nf6+ Kh6 39. Ng8+ Kh5 40. Nf6+ (40. Kh3 $142 Bf5+ 41. Bxf5 Rxf5 42. Rc6 Rd6 43. Rxd6 Rf6 44. Rxf6 a4 45. Rh6#) 40... Kh6 41. Ng8+ (41. a4 $18 Bf5 42. Ng8+ Kg6 43. Bf7+ (43. axb5 Bxe6 44. Rc6 Kf5 $16) 43... Kg7 44. Bc4+ Rd7 45. Rxd7+ Bxd7 46. Bxb5) 41... Kh5 42. Kh3 {Weighted Error Value: White=0.59/Black=0.48} 1-0

[Event "BAN-chT Golden Jubilee 2021-22"]
[Site "Dhaka"]
[Date "2022.03.17"]
[Round "8.1"]
[White "Murshed, Niaz"]
[Black "abzid, Rahman"]
[Result "0-1"]
[WhiteElo "2418"]
[BlackElo "2106"]
[Annotator "ChessBase"]
[PlyCount "60"]
[EventDate "2022.03.10"]
[EventType "team-tourn"]
[EventCountry "BAN"]
[SourceTitle "playchess.com"]
[Source "ChessBase"]
[SourceQuality "1"]
[TimeControl "40/5400+30:1800+30"]

1. d4 {[%emt 1:31:00]} d5 {[%emt 0:00:18]} 2. c4 {[%emt 0:00:00]} e6 {[%emt 0:00:15]} 3. Nc3 {[%emt 0:00:00]} Nf6 {[%emt 0:00:26]} 4. cxd5 {[%emt 0:00:00]} exd5 {[%emt 0:00:15]} 5. Bg5 {[%emt 0:00:00]} Be7 {[%emt 0:00:42]} 6. e3 {[%emt 0:00:00]} O-O {[%emt 0:00:25]} 7. Bd3 {[%emt 0:00:00]} c6 {[%emt 0:03:04]} 8. Nge2 {[%emt 0:00:00]} a5 {[%emt 0:00:44]} 9. O-O {[%emt 0:00:00]} Na6 {[%emt 0:01:39]} 10. Rc1 {[%emt 0:00:00]} Nc7 {[%emt 0:02:02]} 11. f3 {[%emt 0:00:00]} Ne6 {[%emt 0:04:05]} 12. Bh4 {[%emt 0:00:00]} g6 {[%emt 0:11:31]} 13. Bf2 {[%emt 0:00:00]} Nh5 {[%emt 0:06:35]} 14. g4 {[%emt 0:00:00]} Nhg7 {[%emt 0:00:25]} 15. Ng3 {[%emt 0:00:00]} Ng5 {[%emt 0:04:34]} 16. Kg2 {[%emt 0:00:00]} h5 {[%emt 0:00:17]} 17. h3 {[%emt 0:00:00]} Bd6 {[%emt 0:13:19]} 18. Be2 {[%emt 0:00:00]} f5 {[%emt 0:19:07]} 19. f4 {[%emt 0:00:00]} fxg4 {[%emt 0:02:02]} 20. hxg4 {[%emt 0:00:00]} h4 {[%emt 0:01:03]} 21. fxg5 {[%emt 0:00:00]} hxg3 {[%emt 0:01:50]} 22. Bxg3 {[%emt 0:00:00]} Rxf1 {[%emt 0:03:55]} 23. Qxf1 {[%emt 0:00:00]} Bxg3 {[%emt 0:00:08]} 24. Kxg3 {[%emt 0:00:00]} Qxg5 {[%emt 0:00:08]} 25. Qf3 {[%emt 0:00:00]} Bxg4 {[%emt 0:00:55]} 26. Qxg4 {[%emt 0:12:30]} Qxe3+ {[%emt 0:23:46]} 27. Bf3 {[%emt 0:00:00]} Qxc1 {[%emt 0:00:00]} 28. Ne2 {[%emt 0:00:00]} Qe3 {[%emt 0:00:00]} 29. Qxg6 {[%emt 0:00:00]} Rf8 {[%emt 0:00:00]} 30. Qg4 {[%emt 0:00:00]} Rf5 {[%emt 0:00:00]} 0-1